• Conferenza episcopale italiana

di Corporate Name

Records bibliografici associati: 1

001 - CONTROL NUMBER

  • control field: 36223

003 - CONTROL NUMBER IDENTIFIER

  • control field: IT-RoPau

005 - DATE AND TIME OF LATEST TRANSACTION

  • control field: 20151013223639.0

008 - FIXED-LENGTH DATA ELEMENTS

  • fixed length control field: 151013|| aca||aabn | a|a d

040 ## - CATALOGING SOURCE

  • Original cataloging agency: IT-RoPau
  • Transcribing agency: IT-RoPau

110 ## - HEADING--CORPORATE NAME

  • Corporate name or jurisdiction name as entry element: Conferenza episcopale italiana

670 ## - SOURCE DATA FOUND

  • Source citation: Work cat.: (IT-RoPau)35352: Documento di base. Il rinnovamento della catechesi. Testo promulgato dall’episcopato italiano. Commento a cura del Centro Catechistico salesiano
CREDITS: SOCIETA' SAN PAOLO Via A.Severo, 58 - ROMA (RM) & PERIODICI SAN PAOLO SRL Via Giotto, 36 MILANO & CISF Via Giotto, 36 MILANO & EDIZIONI SAN PAOLO SRL,  Piazza Soncino, 5 CINISELLO BALSAMO (MI) -- ITALY